Možnosti prognózovania finančnej situácie podnikov v Slovenskej ekonomike

Prehľad priebežných výsledkov z testovania možností využitia metód prognózovania v neštandardných podmienkach slovenskej ekonomiky. Je nevyhnutné: 1. identifikovať skupinu prosperujúcich a neprosperujúcich podnikov, 2. zistiť finančné pomerové ukazovatele, ktoré by mohli slúžiť ako vhodný indikátor...

ver descrição completa

Na minha lista:
Detalhes bibliográficos
Autor principal: Šnircová, Jana, 1971-
Formato: Capítulo de Livro
Idioma:eslovaco
Assuntos:
Tags: Adicionar Tag
Sem tags, seja o primeiro a adicionar uma tag!

MARC

LEADER 00000naa a2200000 4500
001 r026268
005 20221130073252.0
041 0 |a slo 
044 |a SK 
245 1 0 |a Možnosti prognózovania finančnej situácie podnikov v Slovenskej ekonomike  |c Jana Šnircová 
520 |a Prehľad priebežných výsledkov z testovania možností využitia metód prognózovania v neštandardných podmienkach slovenskej ekonomiky. Je nevyhnutné: 1. identifikovať skupinu prosperujúcich a neprosperujúcich podnikov, 2. zistiť finančné pomerové ukazovatele, ktoré by mohli slúžiť ako vhodný indikátor zdravia podnikov, 3. preskúmať stabilitu vytypovaných indikátorov finančného zdravia podnikov v čase. 
610 2 0 |a podnik 
610 2 0 |a analýza finančná 
610 2 0 |a financie podnikové 
610 2 0 |a prognózovanie 
610 2 0 |a báza dát 
610 2 0 |a solventnosť 
610 2 0 |a insolventnosť 
610 2 0 |a Slovensko 
100 1 |a Šnircová, Jana, 1971-